[Event "TCh-TUR 2014"]
[Site "Konya TUR"]
[Date "2014.06.26"]
[Round "5.4"]
[White "Tepe, Efe Can"]
[Black "Dogan, Mire Deniz"]
[Result "1-0"]
[WhiteElo "1817"]
[BlackElo "1825"]
[WhiteTeam "Ego Spor Kulubu"]
[BlackTeam "Denizli Pamukkale Universitesi"]
[WhiteFideId "6348297"]
[BlackFideId "6317456"]
[EventDate "2014.06.23"]

1. e4 c5 2. Nf3 Nc6 3. d4 cxd4 4. Nxd4 g6 5. Nxc6 bxc6 6. Bd3 Bg7 7. O-O Rb8 8.
c3 Nf6 9. Re1 O-O 10. Qa4 Qc7 11. Nd2 d5 12. Nf3 Nd7 13. Qa3 e5 14. Be3 a5 15.
Rad1 Re8 16. Bb1 Bb7 17. Qa4 Ba8 18. Re2 Bb7 19. Ree1 Ba8 20. Re2 Nf6 21. Bc5
Nh5 22. Qa3 Nf4 23. Ree1 Rbd8 24. b4 Qc8 25. h3 dxe4 26. Bxe4 f5 27. Bc2 e4 28.
Bb3+ Rd5 29. Bxd5+ cxd5 30. Nd4 Qd8 31. Qa4 h6 32. Re3 Kh7 33. bxa5 h5 34. Bb6
Qe7 35. Qb4 Qf6 36. Bc7 Nxg2 37. Kxg2 f4 38. Ree1 Qg5+ 39. Kh2 Qh4 40. Rg1 Qxf2+
41. Rg2 Qh4 42. Qd6 Qf6 43. Qxf6 Bxf6 44. Bxf4 Rc8 45. Rg3 h4 46. Re3 Rc5 47.
Bd6 Rxa5 48. a3 Ra6 49. Bb4 Bg5 50. Re2 Bf4+ 51. Kg2 Bb7 52. Nb3 Rf6 53. Nc5 Ba8
54. a4 Rf5 55. Ne6 Bh6 56. Rf1 Re5 57. Nd4 Kg8 58. Bd6 Rg5+ 59. Kh2 Rh5 60. Rb2 1-0

[Event "TCh-TUR 2014"]
[Site "Konya TUR"]
[Date "2014.06.26"]
[Round "5.4"]
[White "Ayan, Bengu Sena"]
[Black "Zengin, Hande"]
[Result "1-0"]
[WhiteElo "1549"]
[BlackElo "1616"]
[WhiteTeam "Denizli Pamukkale Universitesi"]
[BlackTeam "Ego Spor Kulubu"]
[WhiteFideId "6346120"]
[BlackFideId "6360009"]
[EventDate "2014.06.23"]

1. e4 e5 2. Nf3 Nc6 3. Bb5 a6 4. Ba4 Nf6 5. O-O Be7 6. Re1 b5 7. Bb3 d6 8. h3
Na5 9. c3 Nxb3 10. axb3 Bb7 11. d3 c5 12. Nbd2 O-O 13. Nf1 Ne8 14. Ne3 g6 15.
Ng4 Ng7 16. d4 exd4 17. cxd4 f5 18. Nh6+ Kh8 19. d5 fxe4 20. Rxe4 Nf5 21. Qd2
Nxh6 22. Qxh6 Rf5 23. Nh4 Rf8 24. Nf3 Rf5 25. Nh4 Bxh4 26. Rxh4 Qg8 27. Bd2 b4
28. Re1 Re5 29. Rxe5 dxe5 30. Bg5 Rf8 31. d6 Qf7 32. Qxf8+ Qxf8 33. d7 Qf5 34.
d8=Q+ Kg7 35. Qe7+ 1-0

[Event "TCh-TUR 2014"]
[Site "Konya TUR"]
[Date "2014.06.26"]
[Round "5.5"]
[White "Gasanov, Eldar"]
[Black "Galkin, Alexander"]
[Result "1-0"]
[WhiteTitle "GM"]
[BlackTitle "GM"]
[WhiteElo "2495"]
[BlackElo "2615"]
[WhiteTeam "Bursa Buyuksehir Belediyesi"]
[BlackTeam "Pausa"]
[WhiteFideId "14104466"]
[BlackFideId "4120426"]
[EventDate "2014.06.23"]

1. c4 e5 2. Nc3 Nc6 3. g3 g6 4. Bg2 Bg7 5. Rb1 d6 6. b4 Be6 7. b5 Na5 8. d3 Ne7
9. Qa4 b6 10. Bxa8 Qxa8 11. e4 O-O 12. Nd5 Nxd5 13. cxd5 Bd7 14. Qc2 a6 15. a4
Nb7 16. Nf3 axb5 17. axb5 Bg4 18. Ng5 Nc5 19. h3 Bd7 20. Be3 Qe8 21. Qc4 h6 22.
Nf3 f5 23. Ke2 g5 24. Nd2 f4 25. Bxc5 dxc5 26. g4 f3+ 27. Kd1 h5 28. Kc2 hxg4
29. hxg4 Rf4 30. Rhg1 Bf6 31. Rg3 Kg7 32. Rxf3 Bxg4 33. Rg3 Bd7 34. f3 Rh4 35.
Rg2 Rh3 36. Qa4 Kg6 37. Rf2 g4 38. fxg4 Bh4 39. Rg2 Bg3 40. Qa7 Qd8 41. Nc4 Kg5
42. d6 cxd6 43. Qxb6 1-0

[Event "TCh-TUR 2014"]
[Site "Konya TUR"]
[Date "2014.06.26"]
[Round "5.5"]
[White "Salepci, Osman Firat"]
[Black "Esen, Nejdet"]
[Result "1-0"]
[WhiteElo "2094"]
[BlackElo "2053"]
[WhiteTeam "Pausa"]
[BlackTeam "Bursa Buyuksehir Belediyesi"]
[WhiteFideId "6302343"]
[BlackFideId "6305644"]
[EventDate "2014.06.23"]

1. e4 c5 2. c3 Nf6 3. e5 Nd5 4. d4 cxd4 5. Nf3 e6 6. cxd4 Nc6 7. Bc4 Nb6 8. Bb3
d6 9. Qe2 dxe5 10. dxe5 Nd4 11. Nxd4 Qxd4 12. O-O Be7 13. Rd1 Qh4 14. g3 Qh3 15.
Ba4+ Nxa4 16. Qb5+ Kf8 17. Qxa4 g6 18. Nc3 h5 19. Ne4 Qf5 20. Nd6 Bxd6 21. exd6
b5 22. Qd4 e5 23. Qd5 Rb8 24. d7 Bb7 25. d8=Q+ Rxd8 26. Qxd8+ Kg7 27. Qd3 Be4
28. Qe3 h4 29. Rf1 Bf3 30. Bd2 Rh5 31. Rae1 Qg4 32. Bc3 Kh7 33. Qxa7 Rf5 34. Re3
e4 35. Qb8 f6 36. Qc7+ Kh6 37. Qd8 g5 38. Qh8+ Kg6 39. Qg8+ Kh6 40. Qh8+ Kg6 41.
Qg8+ Kh6 42. Qf8+ Kg6 43. Qe8+ Kh6 44. Qf8+ Kg6 45. Qe8+ Kh6 46. Bb4 Kh7 47.
Qf7+ Kh8 48. Bf8 1-0

[Event "TCh-TUR 2014"]
[Site "Konya TUR"]
[Date "2014.06.26"]
[Round "5.5"]
[White "Tasci, Onur"]
[Black "Okus, Melih"]
[Result "1/2-1/2"]
[WhiteElo "1891"]
[BlackElo "1992"]
[WhiteTeam "Bursa Buyuksehir Belediyesi"]
[BlackTeam "Pausa"]
[WhiteFideId "6322182"]
[BlackFideId "6305407"]
[EventDate "2014.06.23"]

1. e4 c5 2. Nf3 Nc6 3. d4 cxd4 4. Nxd4 g6 5. Nc3 Bg7 6. Be3 Nf6 7. Bc4 O-O 8.
Qd2 Nxe4 9. Nxe4 d5 10. Nxc6 bxc6 11. Bd3 dxe4 12. Bxe4 Qc7 13. c3 Rd8 14. Qe2
Qa5 15. O-O Ba6 16. c4 Rab8 17. Bxa7 Rxb2 18. Qe3 Bxc4 19. Rfc1 Rb7 20. Rab1
Rxa7 21. Rxc4 Qxa2 22. Rcb4 Rad7 23. g3 Bd4 24. Qf3 Rd6 25. Bxc6 Rf6 26. Qe4
Bxf2+ 27. Kh1 Bc5 28. R4b2 Rd1+ 29. Rxd1 Qxb2 30. Qc4 Bd6 31. Rf1 Rf2 32. Rxf2
Qxf2 33. Bg2 Qe1+ 34. Qf1 Qe5 35. Bf3 h5 36. Qe2 Qf6 37. Qe4 Qa1+ 38. Kg2 Kg7
39. Qc2 f5 40. Qb3 h4 41. Qe3 Qf6 42. Bd5 Qb2+ 43. Kh3 Qb4 44. Bf3 hxg3 45. hxg3
Qb8 46. Bd5 e5 47. Bc4 f4 48. gxf4 exf4 49. Qe6 Be5 50. Qf7+ Kh6 51. Bd3 Qd6 52.
Bc4 Qd1 53. Qd5 Qh5+ 54. Kg2 Qg4+ 55. Kf1 Bc3 56. Qh1+ Kg7 57. Qb7+ Kh6 58. Qh1+
Kg5 59. Be2 Qf5 60. Qg2+ Kf6 61. Qc6+ Qe6 62. Qxc3+ Qe5 63. Qxe5+ Kxe5 64. Kf2
g5 65. Bg4 Kd4 66. Kf3 1/2-1/2

[Event "TCh-TUR 2014"]
[Site "Konya TUR"]
[Date "2014.06.26"]
[Round "5.5"]
[White "Ozen, Ali"]
[Black "Yigit, Ahmet Yasir"]
[Result "0-1"]
[WhiteElo "1719"]
[BlackElo "1844"]
[WhiteTeam "Pausa"]
[BlackTeam "Bursa Buyuksehir Belediyesi"]
[WhiteFideId "6307132"]
[BlackFideId "6356478"]
[EventDate "2014.06.23"]

1. e4 e5 2. Nf3 Nc6 3. Bb5 Nf6 4. O-O Nxe4 5. d4 Nd6 6. Bxc6 dxc6 7. dxe5 Nf5 8.
Qxd8+ Kxd8 9. Bg5+ Ke8 10. g4 Ne7 11. h3 h5 12. Nh2 Nd5 13. c4 Nb4 14. Nc3 Be6
15. b3 hxg4 16. hxg4 a5 17. f4 Bc5+ 18. Kg2 Bd4 19. Rac1 f6 20. exf6 gxf6 21. f5
fxg5 22. fxe6 Be5 23. Nf3 Bf4 24. Rb1 Nc2 25. Nd1 Rd8 26. Rb2 Rxd1 27. Rxc2 Rd3
28. Re2 Ke7 29. Re4 c5 30. Rfe1 Rd6 31. Ne5 Rd2+ 32. R1e2 Rh2+ 33. Kf3 Rh3+ 34.
Kg2 Rxe2+ 35. Rxe2 Rh2+ 36. Kf3 Rxe2 37. Ng6+ Kf6 38. Nxf4 Rxa2 39. Nh3 Kxe6 40.
Nxg5+ Ke7 41. Ne4 b6 42. Kf4 Rb2 43. g5 Rxb3 44. g6 a4 45. Kf5 a3 46. Ng5 Rg3
47. Ne4 Rg1 48. Nc3 Kf8 49. Kf6 Rf1+ 50. Ke6 Kg7 51. Kd7 Rc1 52. Na2 Rc2 53.
Kxc7 Rxa2 54. Kxb6 Rc2 55. Kxc5 a2 0-1

[Event "TCh-TUR 2014"]
[Site "Konya TUR"]
[Date "2014.06.26"]
[Round "5.5"]
[White "Mirzoeva, Elmira"]
[Black "Khurtsilava, Inga"]
[Result "1-0"]
[WhiteTitle "WGM"]
[BlackTitle "WGM"]
[WhiteElo "2241"]
[BlackElo "2233"]
[WhiteTeam "Bursa Buyuksehir Belediyesi"]
[BlackTeam "Pausa"]
[WhiteFideId "4127951"]
[BlackFideId "13600419"]
[EventDate "2014.06.23"]

1. d4 Nf6 2. c4 e6 3. Nf3 Bb4+ 4. Nbd2 b6 5. a3 Bxd2+ 6. Qxd2 Bb7 7. e3 O-O 8.
Be2 d6 9. O-O Nbd7 10. b4 Ne4 11. Qc2 f5 12. d5 exd5 13. Nd4 Qf6 14. cxd5 Bxd5
15. f3 Ng5 16. Bb2 Qg6 17. Rad1 Rae8 18. h4 Ne6 19. Nxe6 Bxe6 20. Qxc7 Qh6 21.
Bd4 Qxh4 22. Qxd6 f4 23. Bb5 Rf7 24. exf4 Bb3 25. Bf2 Qh5 26. Bxd7 Ree7 27. Bg4 1-0

[Event "TCh-TUR 2014"]
[Site "Konya TUR"]
[Date "2014.06.26"]
[Round "5.5"]
[White "Ersoz, Bartu"]
[Black "Yilmaz, Ada"]
[Result "1-0"]
[WhiteElo "1918"]
[BlackElo "1818"]
[WhiteTeam "Pausa"]
[BlackTeam "Bursa Buyuksehir Belediyesi"]
[WhiteFideId "6324312"]
[BlackFideId "6330010"]
[EventDate "2014.06.23"]

1. e4 c5 2. Nf3 d6 3. d4 cxd4 4. Qxd4 Nc6 5. Bb5 Bd7 6. Bxc6 Bxc6 7. Nc3 Nf6 8.
Bg5 e6 9. O-O-O Be7 10. Rhe1 O-O 11. Qd2 a6 12. h4 Rc8 13. Nd4 Qc7 14. f3 b5 15.
g4 b4 16. Nce2 a5 17. Nxc6 Qxc6 18. Kb1 Qc5 19. Be3 Qc7 20. h5 Nd7 21. g5 Ne5
22. Nd4 Nc4 23. Qg2 Nxe3 24. Rxe3 Qc5 25. g6 Bf6 26. Red3 Qxh5 27. gxh7+ Kh8 28.
f4 Qc5 29. Nb3 Qb5 30. Nc1 a4 31. Rg3 a3 32. Nd3 axb2 33. e5 dxe5 34. fxe5 Bxe5
35. Rg5 f6 36. Rxg7 Rxc2 37. Rg8+ 1-0

[Event "TCh-TUR 2014"]
[Site "Konya TUR"]
[Date "2014.06.26"]
[Round "5.5"]
[White "Kamer, Kayra"]
[Black "Ozen, Batuhan"]
[Result "1-0"]
[WhiteElo "1800"]
[BlackElo "1691"]
[WhiteTeam "Bursa Buyuksehir Belediyesi"]
[BlackTeam "Pausa"]
[WhiteFideId "6367879"]
[BlackFideId "6345123"]
[EventDate "2014.06.23"]

1. Nc3 c5 2. e4 Nc6 3. f4 g6 4. Nf3 Bg7 5. Bc4 e6 6. O-O Nge7 7. Qe1 O-O 8. d3
d5 9. Bb3 Nd4 10. Nxd4 Bxd4+ 11. Kh1 Bg7 12. f5 gxf5 13. Qh4 Qd6 14. exd5 Ng6
15. Qh5 e5 16. Rf3 f4 17. Ne4 Qe7 18. g3 b6 19. d6 Qd7 20. gxf4 Qg4 21. Qxg4
Bxg4 22. Rg3 Bf5 23. fxe5 Bxe5 24. Rf3 Bxe4 25. dxe4 Kg7 26. Rh3 Rfd8 27. Bh6+
Kh8 28. Bd5 Rac8 29. Rf1 Rd7 30. Rxf7 Rxf7 31. Bxf7 Bf6 32. Bxg6 hxg6 33. e5 Bg7
34. Bg5+ Kg8 35. d7 1-0

[Event "TCh-TUR 2014"]
[Site "Konya TUR"]
[Date "2014.06.26"]
[Round "5.5"]
[White "Dursun, Poyraz"]
[Black "Erece, Ece Alkim"]
[Result "1-0"]
[WhiteElo "1421"]
[BlackElo "1638"]
[WhiteTeam "Pausa"]
[BlackTeam "Bursa Buyuksehir Belediyesi"]
[WhiteFideId "6382304"]
[BlackFideId "6346006"]
[EventDate "2014.06.23"]

1. e4 e5 2. Nf3 Nc6 3. Bc4 Bc5 4. c3 Nf6 5. d4 exd4 6. cxd4 Bb4+ 7. Nc3 Nxe4 8.
O-O Bxc3 9. d5 Ne7 10. bxc3 O-O 11. Qd4 Nf6 12. Bg5 Ng6 13. d6 c6 14. Rfe1 h6
15. Bh4 b5 16. Bb3 Bb7 17. Re3 Nxh4 18. Qxh4 Re8 19. Rxe8+ Nxe8 20. Qxd8 Rxd8
21. Rd1 c5 22. Ne5 c4 23. Bc2 g6 24. Rd4 Kg7 25. a4 a6 26. f3 h5 27. Be4 Bxe4
28. fxe4 Nf6 29. Nf3 Rb8 30. h3 Ra8 31. e5 Nh7 32. Rd5 Rb8 33. Rc5 Nf8 34. Rc7
bxa4 35. Rxc4 Rb1+ 36. Kh2 Ne6 37. Rxa4 Nc5 38. Rc4 Ne6 39. Nd4 Nxd4 40. Rxd4
Rc1 41. Rc4 a5 42. Rc7 a4 43. Rxd7 a3 44. Ra7 Kh6 45. Rxa3 Kg5 46. Ra8 Rd1 47.
Re8 Kf5 48. c4 f6 49. exf6 Kxf6 50. c5 Rd5 51. c6 Rxd6 52. c7 Rc6 53. c8=Q Rxc8
54. Rxc8 Kg5 55. Kg3 Kh6 56. h4 Kg7 57. Kf4 Kh6 58. Rc7 g5+ 59. hxg5+ Kg6 60.
Rc6+ Kf7 61. Ke4 1-0

[Event "TCh-TUR 2014"]
[Site "Konya TUR"]
[Date "2014.06.27"]
[Round "6.1"]
[White "Fedorchuk, Sergey A."]
[Black "Szabo, Bence"]
[Result "1-0"]
[WhiteTitle "GM"]
[BlackTitle "IM"]
[WhiteElo "2655"]
[BlackElo "2410"]
[WhiteTeam "Kayseri Seker Spor Kulubu"]
[BlackTeam "Samandag Altin Piyon"]
[WhiteFideId "14102536"]
[BlackFideId "733776"]
[EventDate "2014.06.23"]

1. e4 c5 2. Nf3 d6 3. d4 cxd4 4. Nxd4 Nf6 5. Nc3 Nc6 6. Bg5 e6 7. Qd2 a6 8.
O-O-O Bd7 9. f4 b5 10. Bxf6 gxf6 11. Kb1 Qb6 12. Nce2 O-O-O 13. h4 h5 14. Rh3
Kb8 15. Rd3 Rg8 16. Qe1 Rc8 17. a3 Be7 18. Nc3 Na5 19. Nf5 Rxc3 20. Nxe7 Rxd3
21. Nxg8 Re3 22. Qf2 Kc7 23. Nxf6 Bc6 24. Qd2 Nb7 25. Be2 Bxe4 26. Bxh5 d5 27.
Qf2 Nd6 28. Bf3 Bxf3 29. gxf3 d4 30. Ng4 Nc4 31. Nxe3 dxe3 32. Qe2 Nd2+ 33. Kc1
Qd4 34. c3 Qxf4 35. Kc2 Qf5+ 36. Qd3 Qxf3 37. Rxd2 1-0

[Event "TCh-TUR 2014"]
[Site "Konya TUR"]
[Date "2014.06.27"]
[Round "6.1"]
[White "Nagy, Gabor1"]
[Black "Kanmazalp, Ogulcan"]
[Result "0-1"]
[WhiteTitle "IM"]
[BlackTitle "IM"]
[WhiteElo "2428"]
[BlackElo "2441"]
[WhiteTeam "Samandag Altin Piyon"]
[BlackTeam "Kayseri Seker Spor Kulubu"]
[WhiteFideId "737119"]
[BlackFideId "6304990"]
[EventDate "2014.06.23"]

1. Nf3 d5 2. c4 c6 3. d4 Nf6 4. Nc3 e6 5. g3 dxc4 6. Bg2 b5 7. Ne5 a6 8. a4 Bb7
9. O-O Be7 10. axb5 axb5 11. Rxa8 Bxa8 12. Nxb5 cxb5 13. Bxa8 O-O 14. Bg2 Nd5
15. Bd2 Qb6 16. e3 f6 17. Nf3 Nc6 18. Nh4 Ndb4 19. Qh5 f5 20. Ra1 Nd3 21. g4
Nxd4 22. Rd1 Ne2+ 23. Kf1 Nef4 0-1

[Event "TCh-TUR 2014"]
[Site "Konya TUR"]
[Date "2014.06.27"]
[Round "6.1"]
[White "Erdogdu, Mert"]
[Black "Arslan, Erdal"]
[Result "1-0"]
[WhiteTitle "IM"]
[WhiteElo "2423"]
[BlackElo "2017"]
[WhiteTeam "Kayseri Seker Spor Kulubu"]
[BlackTeam "Samandag Altin Piyon"]
[WhiteFideId "6301495"]
[BlackFideId "6318916"]
[EventDate "2014.06.23"]

1. e4 c5 2. Nf3 Nc6 3. d4 cxd4 4. Nxd4 Qb6 5. Nb3 Nf6 6. Nc3 e6 7. Bd3 a6 8. Be3
Qc7 9. f4 d6 10. Qf3 Be7 11. O-O-O Na5 12. Kb1 Nxb3 13. cxb3 Bd7 14. Rc1 Qa5 15.
g4 Bc6 16. g5 Nd7 17. a3 d5 18. exd5 exd5 19. Bd4 O-O-O 20. b4 Bxb4 21. axb4
Qxb4 22. Qf2 Kb8 23. Rhe1 Ka8 24. Bxg7 Nc5 25. Bf5 d4 26. Na2 Qb5 27. Bxh8 Bd5
28. Rxc5 Qxc5 29. Be5 Qa5 30. Nc1 Bc4 31. Bd3 Bd5 32. Re2 Rc8 33. Rc2 1-0

[Event "TCh-TUR 2014"]
[Site "Konya TUR"]
[Date "2014.06.27"]
[Round "6.1"]
[White "Ermis, Mehmet Eren"]
[Black "Atalik, Ekaterina"]
[Result "1/2-1/2"]
[BlackTitle "IM"]
[WhiteElo "1893"]
[BlackElo "2433"]
[WhiteTeam "Samandag Altin Piyon"]
[BlackTeam "Kayseri Seker Spor Kulubu"]
[WhiteFideId "6328008"]
[BlackFideId "4130189"]
[EventDate "2014.06.23"]

1. e4 e6 2. b3 d5 3. Bb2 Nf6 4. e5 Nfd7 5. f4 c5 6. Qg4 Nc6 7. Bb5 Qb6 8. Bxc6
Qxc6 9. Nf3 b6 10. O-O g6 11. d3 Be7 12. Nbd2 Bb7 13. c4 O-O-O 14. Kh1 d4 15.
Rae1 h6 16. Ne4 Kb8 17. Ba3 Nf8 18. Bb2 Nh7 19. b4 Qa4 20. bxc5 bxc5 21. Rb1 Rd7
22. Nfd2 Rc8 23. Qe2 Ka8 24. Nb3 Nf8 25. Bc1 Bxe4 26. Qxe4+ Qc6 27. Qe1 Rb7 28.
Na5 Rxb1 29. Nxc6 Rxc6 30. Qe2 h5 31. Qc2 Rbb6 32. a4 Nd7 33. a5 Rb7 34. Bd2 Nb8
35. Rb1 Rxb1+ 36. Qxb1 a6 37. Kg1 Rc7 38. Kf2 Rb7 39. Qa2 Nc6 40. Ke2 Kb8 41. g3
Kc7 42. h4 Rb8 43. Qc2 Bd8 44. Qa2 Kd7 45. Qc2 Be7 46. Qa2 Bf8 47. Qc2 Ne7 48.
Kf3 Nf5 49. Qa4+ Kc7 50. Qa2 Be7 51. Qc2 f6 52. exf6 Bxf6 53. Qa2 Be7 54. Qc2
Bd6 55. Qc1 Kd7 56. Qa3 Kc7 57. Ke4 1/2-1/2

[Event "TCh-TUR 2014"]
[Site "Konya TUR"]
[Date "2014.06.27"]
[Round "6.1"]
[White "Javakhishvili, Lela"]
[Black "Gulay, Ayca Nuriye"]
[Result "1-0"]
[WhiteTitle "IM"]
[WhiteElo "2474"]
[BlackElo "1653"]
[WhiteTeam "Kayseri Seker Spor Kulubu"]
[BlackTeam "Samandag Altin Piyon"]
[WhiteFideId "13601458"]
[BlackFideId "6324363"]
[EventDate "2014.06.23"]

1. Nf3 c6 2. c4 Nf6 3. Nc3 Qc7 4. d4 d5 5. e3 e6 6. Bd3 Bd6 7. O-O Nbd7 8. b3 e5
9. cxd5 Nxd5 10. Nxd5 cxd5 11. dxe5 Nxe5 12. Bb5+ Kf8 13. Nxe5 Bxe5 14. Ba3+ Bd6
15. Rc1 Qe7 16. Bxd6 Qxd6 17. Qd4 Be6 18. e4 a6 19. Bc4 f6 20. Rfd1 Rd8 21. Bxd5
Bxd5 22. Qxd5 Qxd5 23. Rxd5 Kf7 24. Rc7+ Kg6 25. Rxb7 Rxd5 26. exd5 Rd8 27. Kf1
Rxd5 28. Rb6 Ra5 29. a4 Kf5 30. Ke2 h5 31. Kd3 Ke5 32. Kc4 g5 33. Rc6 f5 34.
Rc5+ Rxc5+ 35. Kxc5 f4 36. b4 g4 37. b5 h4 38. b6 g3 39. hxg3 f3 40. gxf3 h3 41.
b7 1-0

[Event "TCh-TUR 2014"]
[Site "Konya TUR"]
[Date "2014.06.27"]
[Round "6.1"]
[White "Yildizak, Goksel"]
[Black "Aksakal, Boran"]
[Result "1-0"]
[WhiteElo "1702"]
[BlackElo "1622"]
[WhiteTeam "Samandag Altin Piyon"]
[BlackTeam "Kayseri Seker Spor Kulubu"]
[WhiteFideId "6315500"]
[BlackFideId "6366511"]
[EventDate "2014.06.23"]

1. d4 g6 2. Nf3 Bg7 3. g3 d6 4. Bg2 Nf6 5. O-O O-O 6. b3 Nbd7 7. Bb2 Re8 8. Nbd2
c6 9. a4 Qc7 10. Nc4 Nb6 11. Ne3 a5 12. c4 d5 13. Qc2 e6 14. Ba3 Ne4 15. Rad1 f5
16. Nd2 Bd7 17. cxd5 exd5 18. Nxe4 fxe4 19. Qc3 Be6 20. f3 exf3 21. Bxf3 Qd7 22.
Bc1 Bh3 23. Ng2 Bg4 24. Qd3 Bf5 25. Qc3 Bg4 26. Ne3 Bxf3 27. exf3 Nc8 28. Ng4
Nd6 29. Bh6 Nf5 30. Bf4 Re6 31. Be5 h5 32. Ne3 Bxe5 33. dxe5 Nxe3 34. Qxe3 Qc7
35. f4 Ra6 36. Qc3 Qb6+ 37. Kg2 Qb4 38. Qe3 Qe4+ 39. Qxe4 dxe4 40. Rd4 Rb6 41.
Rb1 Rb4 42. Rxb4 axb4 43. Re1 Kf7 44. Rxe4 c5 45. Rc4 Rc6 46. Kf3 Ke6 47. Ke4 b6
48. h3 Rc8 49. g4 Rc7 50. f5+ gxf5+ 51. gxf5+ Kf7 52. e6+ Kf6 53. Kd5 Rg7 54.
Kc6 Kxf5 55. Kxb6 Kxe6 56. Rxc5 Rg3 57. Rxh5 Rxb3 58. a5 Ra3 59. a6 Kd7 60. a7
b3 61. Rb5 Kc8 62. h4 Kd7 63. Kb7 1-0

[Event "TCh-TUR 2014"]
[Site "Konya TUR"]
[Date "2014.06.27"]
[Round "6.1"]
[White "Yazici, Ugur Doga"]
[Black "Ozates, Tuna"]
[Result "0-1"]
[WhiteElo "1693"]
[BlackElo "1850"]
[WhiteTeam "Kayseri Seker Spor Kulubu"]
[BlackTeam "Samandag Altin Piyon"]
[WhiteFideId "6363342"]
[BlackFideId "6354521"]
[EventDate "2014.06.23"]

1. e4 e5 2. Nf3 Nc6 3. Bb5 a6 4. Bxc6 dxc6 5. O-O Bg4 6. h3 Bh5 7. d3 f6 8. Be3
Qd7 9. Nbd2 Bf7 10. d4 exd4 11. Nxd4 O-O-O 12. Qe2 g5 13. Rad1 Bd6 14. N2b3 Ne7
15. Na5 h5 16. c3 c5 17. Ndb3 Qa4 18. e5 Bxb3 19. axb3 Qxa5 20. exd6 cxd6 21.
Bxg5 fxg5 22. Qxe7 Qb6 23. Qxg5 Qxb3 24. Qd5 Qb5 25. b4 Qb6 26. Rb1 Qc7 27. b5
axb5 28. Rxb5 Qc6 29. Qxc6+ bxc6 30. Rb6 Kd7 31. Ra1 d5 32. Rb7+ Kd6 33. Kf1 d4
34. Rd1 Kd5 35. Ke2 h4 36. Kf3 Rdf8+ 37. Ke2 Re8+ 38. Kf1 Rd8 39. Rg7 Kc4 40.
cxd4 cxd4 41. Rc1+ Kd3 42. Rxc6 Rb8 43. Rgc7 Rb1+ 44. Rc1 Rxc1+ 45. Rxc1 Kd2 46.
Ra1 Rc8 47. f4 Rc1+ 48. Rxc1 Kxc1 49. Ke2 Kc2 50. Kf3 d3 51. Kg4 d2 52. Kxh4
d1=Q 53. g4 Kd3 54. Kg5 Ke4 55. f5 Ke5 56. Kg6 Qd6+ 57. Kh5 Kf6 58. Kh4 Qf4 0-1

[Event "TCh-TUR 2014"]
[Site "Konya TUR"]
[Date "2014.06.27"]
[Round "6.1"]
[White "Yassibag, Ipek Asli"]
[Black "Aksoy, Ayca"]
[Result "1-0"]
[WhiteElo "1499"]
[BlackElo "1771"]
[WhiteTeam "Samandag Altin Piyon"]
[BlackTeam "Kayseri Seker Spor Kulubu"]
[WhiteFideId "6342400"]
[BlackFideId "6355978"]
[EventDate "2014.06.23"]

1. e4 c5 2. c3 d5 3. exd5 Qxd5 4. d4 g6 5. Nf3 Bg7 6. Na3 cxd4 7. Nb5 Qd8 8. Bc4
Nf6 9. Nbxd4 O-O 10. O-O Qc7 11. Qe2 a6 12. Bg5 e6 13. Bb3 Re8 14. Ne5 Nd5 15.
Ng4 Nf4 16. Qe3 Nh5 17. Nh6+ Kf8 18. Qf3 b6 19. Nxe6+ Bxe6 20. Bxe6 Nc6 21. Bd5
Ne5 22. Qh3 Rac8 23. Ng4 Nc6 24. Rfe1 Qd6 25. Qf3 f5 26. Rxe8+ Kxe8 27. Re1+ Kf8
28. Re6 Nd4 29. cxd4 Qc7 30. Rc6 Qd7 31. Rxc8+ Qxc8 32. Qa3+ 1-0

[Event "TCh-TUR 2014"]
[Site "Konya TUR"]
[Date "2014.06.27"]
[Round "6.2"]
[White "Volkov, Sergey"]
[Black "Abasov, Nijat"]
[Result "1/2-1/2"]
[WhiteTitle "GM"]
[BlackTitle "GM"]
[WhiteElo "2579"]
[BlackElo "2531"]
[WhiteTeam "Kocaeli Buyuksehir Belediyesi Kagit Spor"]
[BlackTeam "Callica Genclik Ve Spor Kulubu"]
[WhiteFideId "4122763"]
[BlackFideId "13402960"]
[EventDate "2014.06.23"]

1. d4 Nf6 2. c4 e6 3. Nf3 b6 4. g3 Bb7 5. Bg2 Be7 6. O-O O-O 7. Re1 Ne4 8. Nfd2
d5 9. Nxe4 dxe4 10. Nc3 f5 11. f3 Bf6 12. Be3 Nc6 13. fxe4 Bxd4 14. Bxd4 Qxd4+
15. Qxd4 Nxd4 16. Rac1 fxe4 17. Nxe4 Rad8 18. c5 Ba6 19. cxb6 cxb6 20. Nc3 g5
21. g4 Kg7 22. h3 Rd7 23. Be4 h6 24. Kg2 Rdf7 25. Kg3 h5 26. gxh5 Kh6 27. Rcd1
Nf5+ 28. Kh2 Kxh5 29. Bf3+ Kh6 30. Rg1 Nh4 31. Bg4 Nf5 1/2-1/2

[Event "TCh-TUR 2014"]
[Site "Konya TUR"]
[Date "2014.06.27"]
[Round "6.2"]
[White "Abdulov, Orkhan"]
[Black "Yeke, Serkan"]
[Result "1-0"]
[WhiteTitle "IM"]
[BlackTitle "FM"]
[WhiteElo "2348"]
[BlackElo "2235"]
[WhiteTeam "Callica Genclik Ve Spor Kulubu"]
[BlackTeam "Kocaeli Buyuksehir Belediyesi Kagit Spor"]
[WhiteFideId "13402714"]
[BlackFideId "6301142"]
[EventDate "2014.06.23"]

1. e4 e5 2. Nf3 Nc6 3. Bc4 Nf6 4. Ng5 d5 5. exd5 Nd4 6. c3 b5 7. Bf1 Nxd5 8.
cxd4 Qxg5 9. Bxb5+ Kd8 10. Qf3 exd4 11. O-O Bg4 12. Qxf7 Nf6 13. Bc6 Bh5 14. Qc4
Bd6 15. Bxa8 Ng4 16. g3 Bg6 17. d3 Qh5 18. h4 Ne5 19. Qxd4 Bxd3 20. Re1 Re8 21.
Bg5+ Kd7 22. Nd2 1-0

[Event "TCh-TUR 2014"]
[Site "Konya TUR"]
[Date "2014.06.27"]
[Round "6.2"]
[White "Ersahin, Bulent"]
[Black "Metin, Mehmet"]
[Result "1/2-1/2"]
[WhiteElo "2196"]
[BlackElo "2183"]
[WhiteTeam "Kocaeli Buyuksehir Belediyesi Kagit Spor"]
[BlackTeam "Callica Genclik Ve Spor Kulubu"]
[WhiteFideId "6302670"]
[BlackFideId "6303730"]
[EventDate "2014.06.23"]

1. d4 Nf6 2. Nf3 c5 3. d5 g6 4. g3 d6 5. Bg2 Bg7 6. O-O b5 7. a4 b4 8. Re1 O-O
9. c3 bxc3 10. Nxc3 Na6 11. Nd2 Nb4 12. Nc4 Ba6 13. Nb5 Nd7 14. Bg5 h6 15. Bd2
Bb7 16. Bc3 a6 17. Nba3 Rb8 18. e4 Qc7 19. h3 Rfd8 20. Qd2 Nf8 21. Ne3 Bc8 22.
Nac4 e5 23. f4 f6 24. fxe5 fxe5 25. Rf1 Nh7 26. Rf2 Bd7 27. Raf1 Rf8 28. Rxf8+
Bxf8 29. h4 h5 30. a5 Bh6 31. Rf2 Na2 32. Nb6 Nxc3 33. Qxc3 Rf8 34. Rxf8+ Kxf8
35. Kh2 Nf6 36. Bf3 Kg7 37. Kg2 Bb5 38. Nec4 Nd7 39. b4 cxb4 40. Qxb4 Nc5 41.
Qc3 Kh7 42. Na3 Bd7 43. Nxd7 Qxd7 44. Nc4 Bf8 45. Qb4 Be7 46. Qb6 Bd8 47. Qc6
Bc7 48. Qxd7+ Nxd7 49. g4 hxg4 50. Bxg4 Nc5 51. Bc8 Nb3 52. Bxa6 Nxa5 53. Nd2
Bd8 54. Kg3 Kh6 55. Kg4 Bb6 56. Nc4 1/2-1/2